Statistics for EVA Air destinations

Click here to take the quiz!

General Stats

  • This quiz has been taken 157 times
    (81 since last reset)
  • The average score is 46 of 65

Answer Stats

HintAnswer% Correct
NetherlandsAmsterdam
100%
JapanOsaka-Kansai
98%
JapanTokyo-Haneda
98%
JapanTokyo-Narita
98%
ChinaBeijing
97%
VietnamHanoi
97%
United StatesLos Angeles
97%
ThailandBangkok-Suvarnabhumi
95%
Hong KongHong Kong
95%
PhilippinesManila
95%
South KoreaSeoul-Gimpo
95%
South KoreaSeoul-Incheon
95%
AustraliaBrisbane
93%
VietnamHo Chi Minh City
93%
IndonesiaJakarta
93%
MalaysiaKuala Lumpur
93%
United KingdomLondon-Heathrow
93%
FranceParis-Charles de Gaulle
91%
ChinaShanghai-Hongqiao
91%
ChinaShanghai-Pudong
91%
United StaetsNew York-JFK
90%
United StatesSan Francisco
90%
TaiwanTaipei-Songshan
90%
TaiwanTaipei-Taoyuan
88%
United StatesChicago O'hare
84%
IndonesiaDenpasar
83%
ChinaGuangzhou
83%
United StatesHouston-George Bush Intercontinental
83%
MacauMacau
81%
United StatesSeattle
81%
ChinaChengdu
79%
JapanFukuoka
79%
JapanNagoya
79%
CambodiaPhnom Penh
79%
JapanSapporo
79%
PhilippinesCebu
76%
CanadaVancouver
76%
ChinaChongqing
72%
SingaporeSingapore
71%
CanadaToronto
71%
ChinaShenzhen
67%
JapanOkinawa
66%
AustriaVienna
66%
ThailandChiang Mai
64%
VietnamDa Nang
64%
ChinaTianjin
60%
TaiwanKaohsiung
59%
JapanSendai
55%
ChinaHangzhou
53%
ChinaDalian
50%
ChinaZhengzhou
47%
TaiwanTaichung
45%
JapanAomori
43%
ChinaHarbin
43%
ChinaJinan
31%
ChinaGuilin
29%
JapanAsahikawa
28%
JapanHakodate
28%
ChinaNingbo
26%
ChinaTaiyuan
26%
JapanMatsuyama
22%
ChinaHohhot
21%
JapanKomatsu
21%
ChinaHailar
14%
ChinaHuangshan
12%

Score Distribution

Percentile by Number Answered

Percent of People with Each Score

Your Score History

You have not taken this quiz since the last reset